000 00541nam a22001932 4500
001 0000019859
005 20151217161155.0
008 110225s xx 000 0 eng d
020 _a1601360002 :
040 _aKABU
_cKABU
245 1 0 _aEncyclopedia of world religions /
_cEditor-in-chief Johannes P. Schade.
250 _a1st ed.
260 _bConcord,
_c2006.
300 _a960 p.
650 0 _aReligion
_vEncyclopedias.
_@0000179831
908 _a110225
950 _@1
999 _c15217
_d15217